1142 1534 1291 1646 1193 1628 1963 1377 1889 1161 1251 1351 1690 1255 1165 1234 1968 1507 1302 1749 1755 1652 1506 1761 1683 1334 1653 1897 1458 1842 1838 1932 1843 1064 1592 1640 1190 1065 1322 1090 1748 1939 1109 1743 1988 1191 1660 1630 1562 1647 1508 1501 1580 1394 1392 1907 1910 1540 1680 1586 1867 1491 1901 1028 1816 1615 1963 1021 1682 1444 1901 1213 1195 1829 1034 1542 1192 1427 1153 1554 1129 1292 1285 1635 1730 1040 1430 1440 1006 1501 1684 1943 1074 1969 1824 1197 1693 1045 1804 BCNSPRNW ULIB Ver.6.0+V

เปลี่ยนเป็นภาษาไทย

Change to English
 แสดงรายละเอียดบรรณานุกรม
  กลับหน้าหลัก

Brief Record : Get Marc (ISO 2709) : E-mail record : QR code < ปิดหน้าต่าง
LEADER : 00000nam 2200000uu 4500
001    13399110062
003     ULIB
008    110420s2552||||th 000 0 tha d
060 04 WH100^bพ273L 2552
100 0  พรรธนมณฑน์ อุชชิน
245 00 Laboratory application in clinical hematology /^cบรรณาธิการ, พรรธนมณฑน์ อุชชิน และคณะ
260    กรุงเทพฯ :^bโรงพิมพ์แห่งจุฬาลงกรณ์มหาวิทยาลัย,^c2552
300    153 หน้า :^bภาพประกอบ ;^c26 ซม
650  2 Antecubital Veins
650  7 hematology
700 0  วิโรจน์ ไววานิชกิจ
700 0  อัครวิทย์ อัศวศักดิ์สกุล
700 0  ภาฤทธิ์ เมฆอรุณกมล
710 2  จุฬาลงกรณ์มหาวิทยาลัย.^bภาควิชาเวชศาสตร์ชันสูตร
945    ^p250^l0^i026286
945    ^p250^l0^i026287
995     ทศพร
999 ^a ใช้งานได้ทุกระบบ
รายการนี้ยังไม่มีแท็ก
คุณยังไม่ได้ล็อกอิน คุณสามารถมีกิจกรรมร่วมกับเว็บไซต์ได้ แต่ต้องล็อกอินก่อน ::
  ล็อกอิน

รายการสื่อสารสนเทศ

ลำดับที่ ประเภท เลขเรียก/บาร์โค้ด สถานที่ สถานะ
- ไม่พบข้อมูล -

รายการใกล้เคียง
    ผู้แต่ง [พรรธนมณฑน์ อุชชิน]

    หัวเรื่อง [hematology]

BibComment


ยังไม่เคยถูกคอมเมนท์

คอมเมนท์ทรัพยากรรายการนี้
  คอมเมนท์: Laboratory applic..


 Copyright 2026. Bcnsprnw @Library